[Event "Titled Tuesday intern op 02nd Apr Late"]
[Site "Chess.com INT"]
[Date "2024.04.02"]
[Round "4"]
[White "Trepat Herranz, Joan"]
[Black "Hamidi, Amir Mohammad"]
[Result "0-1"]
[WhiteElo "2369"]
[BlackElo "2209"]
[PlyCount "156"]
[EventDate "2024.04.02"]
[EventType "swiss (blitz)"]
[EventRounds "11"]
[EventCountry "USA"]
[SourceTitle "CB15_2024"]
[SourceDate "2024.04.10"]
[SourceVersion "1"]
[SourceVersionDate "2024.04.10"]
[SourceQuality "1"]

1. e4 c5 2. Nf3 d6 3. d4 cxd4 4. Qxd4 a6 5. Be2 Nc6 6. Qe3 g6 7. c4 Bg4 8. 0-0 Bg7 9. Nc3 Bxf3 10. Bxf3 Nf6 11. Rd1 Nd7 12. Be2 0-0 13. Rb1 Qa5 14. Bd2 Qc5 15. Nd5 e6 16. b4 Qxe3 17. Nxe3 Nd4 18. Bf1 Rfc8 19. Rbc1 Nc6 20. Be1 Bf8 21. a3 a5 22. c5 axb4 23. axb4 Na7 24. Nc4 Nb5 25. Na5 dxc5 26. Bxb5 Ne5 27. bxc5 Bxc5 28. Nxb7 Bb6 29. Nd6 Rxc1 30. Rxc1 h5 31. h3 Ra2 32. Nc4 Nd3 33. Rd1 Nxf2 34. Bxf2 Bxf2+ 35. Kh2 h4 36. Nd2 Ra5 37. Be2 Ra2 38. Bf1 Bg3+ 39. Kg1 Ra4 40. Bd3 Rd4 41. Nf3 Rd8 42. Kf1 Rc8 43. Ke2 Ra8 44. Rd2 Kg7 45. e5 Bf4 46. Rb2 Ra3 47. Bc4 Re3+ 48. Kf2 Re4 49. Bd3 Bg3+ 50. Kf1 Re3 51. Be2 Ra3 52. Rb1 Ra4 53. Rd1 Rf4 54. Bd3 g5 55. Ke2 Kh6 56. Ke3 Rb4 57. Rb1 Bf4+ 58. Ke2 Ra4 59. Rb2 Ra1 60. Rc2 Rh1 61. Be4 Ra1 62. Kd3 Ra3+ 63. Kc4 Re3 64. Kd4 Ra3 65. Ng1 Be3+ 66. Kc4 Bxg1 67. Rc1 Be3 68. Rf1 Bf4 69. Rf3 Ra4+ 70. Kd3 Ra5 71. Bc6 Rxe5 72. Be8 f5 73. Bd7 Kg7 74. Bc6 Kf6 75. Bb5 Rxb5 76. Kc4 Rd5 77. Rxf4 gxf4 78. g4 fxg3 0-1

[Event "Titled Tuesday intern op 25th Jul Late"]
[Site "Chess.com INT"]
[Date "2023.07.25"]
[Round "6"]
[White "Ai, Evan Zihao"]
[Black "Hamidi, Amir Mohammad"]
[Result "1-0"]
[WhiteElo "2159"]
[BlackElo "2195"]
[PlyCount "105"]
[EventDate "2023.07.25"]
[EventType "swiss (blitz)"]
[EventRounds "11"]
[EventCountry "USA"]
[SourceTitle "EXT 2024"]
[Source "ChessBase"]
[SourceDate "2023.10.10"]
[SourceVersion "1"]
[SourceVersionDate "2023.10.10"]
[SourceQuality "1"]

1. d4 Nf6 2. c4 e6 3. Nf3 b6 4. g3 Bb7 5. Bg2 Be7 6. Nc3 0-0 7. 0-0 Ne4 8. Nxe4 Bxe4 9. Nd2 Bxg2 10. Kxg2 c5 11. d5 exd5 12. cxd5 d6 13. Nf3 Bf6 14. Qd3 Nd7 15. Bf4 Qc7 16. Rab1 a6 17. h4 b5 18. h5 c4 19. Qf5 Rfe8 20. Be3 Ne5 21. g4 Qc8 22. Qxc8 Raxc8 23. g5 Nxf3 24. exf3 Be7 25. f4 f5 26. Rfe1 Kf7 27. Bd4 Bf8 28. Kf3 g6 29. hxg6+ Kxg6 30. Rh1 b4 31. Rh3 Re4 32. Be3 Rc7 33. Rbh1 c3 34. bxc3 bxc3 35. Kg2 c2 36. Bc1 Rd4 37. Bb2 Rxd5 38. Rh6+ Bxh6 39. Rxh6+ Kf7 40. Rxh7+ Kg8 41. Rxc7 Rd1 42. Rc3 c1Q 43. Rxc1 Rd2 44. Bc3 Rxa2 45. Rb1 Ra3 46. Rb8+ Kf7 47. Rb7+ Ke8 48. Bf6 d5 49. g6 Kf8 50. g7+ Kg8 51. Rb8+ Kf7 52. g8Q+ Kxf6 53. Rb6+ 1-0

[Event "Titled Tuesday intern op 25th Jul Late"]
[Site "Chess.com INT"]
[Date "2023.07.25"]
[Round "4"]
[White "Biliy, Vadim"]
[Black "Hamidi, Amir Mohammad"]
[Result "0-1"]
[WhiteElo "2331"]
[BlackElo "2195"]
[PlyCount "62"]
[EventDate "2023.07.25"]
[EventType "swiss (blitz)"]
[EventRounds "11"]
[EventCountry "USA"]
[SourceTitle "EXT 2024"]
[Source "ChessBase"]
[SourceDate "2023.10.10"]
[SourceVersion "1"]
[SourceVersionDate "2023.10.10"]
[SourceQuality "1"]

1. d4 Nf6 2. Nf3 e6 3. e3 b6 4. Be2 Bb7 5. 0-0 Be7 6. c4 0-0 7. Nc3 d5 8. b3 Nbd7 9. Bb2 a6 10. cxd5 exd5 11. Rc1 Bd6 12. g3 Qe7 13. Nh4 g6 14. Bf3 Rac8 15. Re1 Rfd8 16. Qe2 Nf8 17. Rcd1 Ne6 18. Qf1 Ng5 19. Bg2 Bb4 20. f3 c5 21. a3 Ba5 22. dxc5 bxc5 23. Re2 Ne6 24. f4 d4 25. exd4 cxd4 26. Ne4 Nxe4 27. Bxe4 Bxe4 28. Rxe4 Qb7 29. Qg2 Qxb3 30. Rd2 Bxd2 31. Qxd2 Rc2 0-1

[Event "Titled Tuesday intern op 25th Jul Late"]
[Site "Chess.com INT"]
[Date "2023.07.25"]
[Round "3"]
[White "Hamidi, Amir Mohammad"]
[Black "Guzman Lozano, Campo Elias"]
[Result "0-1"]
[WhiteElo "2195"]
[BlackElo "1924"]
[PlyCount "74"]
[EventDate "2023.07.25"]
[EventType "swiss (blitz)"]
[EventRounds "11"]
[EventCountry "USA"]
[SourceTitle "EXT 2024"]
[Source "ChessBase"]
[SourceDate "2023.10.10"]
[SourceVersion "1"]
[SourceVersionDate "2023.10.10"]
[SourceQuality "1"]

1. e4 c5 2. Nc3 Nc6 3. g3 g6 4. Bg2 Bg7 5. Nge2 d6 6. d3 e6 7. Be3 Nge7 8. Qd2 Nd4 9. 0-0 Nec6 10. f4 f5 11. Rac1 Nxe2+ 12. Nxe2 0-0 13. c3 Bd7 14. d4 cxd4 15. cxd4 Ne7 16. d5 fxe4 17. Bxe4 e5 18. Bg2 Nf5 19. Bf2 Qf6 20. fxe5 Qxe5 21. Nc3 Nd4 22. Rce1 Qf6 23. Be3 Nf5 24. g4 Rae8 25. gxf5 Bxf5 26. Bg5 Qf7 27. Re6 Bxe6 28. Rxf7 Bxf7 29. h4 Re5 30. Bh6 Rfe8 31. Bxg7 Kxg7 32. Qd4 Kg8 33. Ne4 b6 34. Nf6+ Kf8 35. Nxe8 Bxe8 36. Qb4 Ke7 37. Qa4 Bxa4 0-1

[Event "Titled Tuesday intern op 25th Jul Late"]
[Site "Chess.com INT"]
[Date "2023.07.25"]
[Round "10"]
[White "Hamidi, Amir Mohammad"]
[Black "Jahnz, Fabian"]
[Result "0-1"]
[WhiteElo "2195"]
[BlackElo "2268"]
[PlyCount "64"]
[EventDate "2023.07.25"]
[EventType "swiss (blitz)"]
[EventRounds "11"]
[EventCountry "USA"]
[SourceTitle "EXT 2024"]
[Source "ChessBase"]
[SourceDate "2023.10.10"]
[SourceVersion "1"]
[SourceVersionDate "2023.10.10"]
[SourceQuality "1"]

1. e4 c6 2. d4 d5 3. e5 Bf5 4. Ne2 h6 5. Ng3 Bg6 6. e6 Qd6 7. exf7+ Kxf7 8. Bd3 Bxd3 9. Qxd3 Nf6 10. c3 Nbd7 11. Nd2 e5 12. 0-0 e4 13. Qe2 Be7 14. f3 exf3 15. Nxf3 Qe6 16. Ne5+ Ke8 17. Ng6 Qxe2 18. Nxe2 Rg8 19. Nxe7 Kxe7 20. Nf4 g5 21. Re1+ Kf7 22. Nd3 Ne4 23. Nf2 Ndf6 24. g3 Rae8 25. Kg2 Kg6 26. Ng4 Nxg4 27. h3 Ngf6 28. h4 gxh4 29. gxh4 Kh7+ 30. Kh2 Ng4+ 31. Kh3 Nef2+ 32. Kg2 Rxe1 0-1

[Event "Titled Tuesday intern op 25th Jul Late"]
[Site "Chess.com INT"]
[Date "2023.07.25"]
[Round "5"]
[White "Hamidi, Amir Mohammad"]
[Black "Kujawski, Adam"]
[Result "1-0"]
[WhiteElo "2195"]
[BlackElo "2173"]
[PlyCount "43"]
[EventDate "2023.07.25"]
[EventType "swiss (blitz)"]
[EventRounds "11"]
[EventCountry "USA"]
[SourceTitle "EXT 2024"]
[Source "ChessBase"]
[SourceDate "2023.10.10"]
[SourceVersion "1"]
[SourceVersionDate "2023.10.10"]
[SourceQuality "1"]

1. e4 e5 2. Nc3 Nf6 3. g3 h5 4. h3 Bc5 5. Bg2 d6 6. Nge2 Nc6 7. Na4 Be6 8. Nxc5 dxc5 9. d3 c4 10. Be3 cxd3 11. cxd3 Qd7 12. d4 exd4 13. Nxd4 0-0-0 14. Nxe6 Qxe6 15. Qa4 Rhe8 16. 0-0 Nxe4 17. Bxa7 Nd2 18. Rfd1 Qc4 19. Qa3 Re2 20. Be3 Rd3 21. Qa8+ Kd7 22. Rac1 1-0

[Event "Titled Tuesday intern op 25th Jul Late"]
[Site "Chess.com INT"]
[Date "2023.07.25"]
[Round "11"]
[White "Hartikainen, Jarmo"]
[Black "Hamidi, Amir Mohammad"]
[Result "0-1"]
[WhiteElo "2108"]
[BlackElo "2195"]
[PlyCount "102"]
[EventDate "2023.07.25"]
[EventType "swiss (blitz)"]
[EventRounds "11"]
[EventCountry "USA"]
[SourceTitle "EXT 2024"]
[Source "ChessBase"]
[SourceDate "2023.10.10"]
[SourceVersion "1"]
[SourceVersionDate "2023.10.10"]
[SourceQuality "1"]

1. e4 c6 2. d4 d5 3. Nd2 dxe4 4. Nxe4 Bf5 5. Ng3 Bg6 6. h4 h6 7. Bc4 e6 8. N1e2 Nf6 9. Nf4 Bh7 10. 0-0 Be7 11. Nxe6 fxe6 12. Bxe6 Nbd7 13. Re1 Qc7 14. Bh3 Qd6 15. Qe2 Ng8 16. Bf4 Qxf4 17. Nh5 Qf7 18. d5 cxd5 19. Qb5 0-0-0 20. Ng3 Bxh4 21. Be6 Qg6 22. Bxd5 Qb6 23. Qc4+ Kb8 24. Qxh4 Nc5 25. c4 Nf6 26. Qf4+ Ka8 27. Rad1 Rhf8 28. Qd4 Nxd5 29. cxd5 Na4 30. b3 Qxd4 31. Rxd4 Nb6 32. d6 Rf7 33. Red1 Rfd7 34. f3 Bg8 35. Ne4 Nc8 36. Kf2 Bh7 37. Ke3 Bxe4 38. fxe4 Rxd6 39. Rxd6 Rxd6 40. Rf1 Rf6 41. Rd1 Nd6 42. e5 Re6 43. Kf4 Nf7 44. Rd7 g5+ 45. Kg3 Rxe5 46. Rxf7 a6 47. Rf6 Re2 48. Rxh6 Rxa2 49. Rg6 Ra3 50. Rb6 Rxb3+ 51. Kg4 Rxb6 0-1

[Event "Titled Tuesday intern op 25th Jul Late"]
[Site "Chess.com INT"]
[Date "2023.07.25"]
[Round "2"]
[White "Krzywda, Andrzej"]
[Black "Hamidi, Amir Mohammad"]
[Result "1-0"]
[WhiteElo "2207"]
[BlackElo "2195"]
[PlyCount "107"]
[EventDate "2023.07.25"]
[EventType "swiss (blitz)"]
[EventRounds "11"]
[EventCountry "USA"]
[SourceTitle "EXT 2024"]
[Source "ChessBase"]
[SourceDate "2023.10.10"]
[SourceVersion "1"]
[SourceVersionDate "2023.10.10"]
[SourceQuality "1"]

1. e4 c6 2. d4 d5 3. e5 Bf5 4. h4 h5 5. Bd3 Bxd3 6. Qxd3 e6 7. Nf3 Qa5+ 8. Nbd2 Qa6 9. Qe3 Nh6 10. Qf4 Nf5 11. Nf1 c5 12. Ne3 Nxd4 13. Nxd4 cxd4 14. Qxd4 Nc6 15. Qf4 g6 16. b3 Bh6 17. Qf6 Rg8 18. Bb2 Qa5+ 19. Kf1 Bg7 20. Qf4 Qc7 21. Re1 0-0-0 22. Rh3 Bxe5 23. Bxe5 Nxe5 24. c4 d4 25. Nd5 exd5 26. Qxe5 dxc4 27. bxc4 Rge8 28. Qxc7+ Kxc7 29. Rxe8 Rxe8 30. Rd3 Rb8 31. Rxd4 Kc6 32. Ke2 Re8+ 33. Kd3 Re5 34. Rf4 f5 35. Rf3 Ra5 36. Kd4 Kd6 37. Rg3 Rxa2 38. Rxg6+ Kc7 39. f4 a5 40. Kc5 Rb2 41. Rg7+ Kc8 42. Kd6 Kb8 43. Ke5 a4 44. Kxf5 a3 45. Rg3 a2 46. Ra3 Kc7 47. g3 Kc6 48. Kg5 Kc5 49. f5 Kxc4 50. f6 b5 51. f7 b4 52. Rxa2 Rxa2 53. f8Q Rf2 54. Qxf2 1-0

[Event "Titled Tuesday intern op 04th Jul Late"]
[Site "Chess.com INT"]
[Date "2023.07.04"]
[Round "8"]
[White "Bortnyk, Olexandr"]
[Black "Hamidi, Amir Mohammad"]
[Result "1/2-1/2"]
[WhiteElo "2607"]
[BlackElo "2195"]
[PlyCount "120"]
[EventDate "2023.07.04"]
[EventType "swiss (blitz)"]
[EventRounds "11"]
[EventCountry "USA"]
[SourceTitle "EXT 2024"]
[Source "ChessBase"]
[SourceDate "2023.10.10"]
[SourceVersion "1"]
[SourceVersionDate "2023.10.10"]
[SourceQuality "1"]

1. e4 e6 2. Nf3 d5 3. Nc3 Nf6 4. e5 Ne4 5. Bd3 Nc5 6. Bb5+ c6 7. Bf1 d4 8. Ne2 d3 9. Nf4 dxc2 10. Qxc2 Nba6 11. d4 Nb4 12. Qc4 Nd7 13. a3 Nb6 14. Qb3 N4d5 15. Nd3 Be7 16. h4 Nd7 17. Be2 b6 18. Ng5 h6 19. Ne4 c5 20. dxc5 bxc5 21. 0-0 0-0 22. h5 Ba6 23. Nf4 Bxe2 24. Nxe2 c4 25. Qg3 Kh8 26. Rd1 Qb6 27. Nf4 Nxf4 28. Bxf4 Nc5 29. Nd6 Bxd6 30. exd6 Nd3 31. d7 Qb5 32. b3 Qxd7 33. bxc4 Nxf4 34. Rxd7 Ne2+ 35. Kh2 Nxg3 36. Kxg3 Kg8 37. Rc1 Rfc8 38. c5 Rc6 39. f3 Rac8 40. Rxa7 Rxc5 41. Rxc5 Rxc5 42. Kg4 Rg5+ 43. Kf4 Rxg2 44. a4 Ra2 45. Ra8+ Kh7 46. Ra7 f6 47. a5 Ra4+ 48. Kg3 e5 49. a6 Ra3 50. Kg4 Ra4+ 51. Kf5 Rf4+ 52. Ke6 Rxf3 53. Kf7 Ra3 54. Kf8 e4 55. Rxg7+ Kh8 56. a7 e3 57. Rg8+ Kh7 58. Rg7+ Kh8 59. Rg8+ Kh7 60. Rg7+ Kh8 1/2-1/2

[Event "Titled Tuesday intern op 04th Jul Late"]
[Site "Chess.com INT"]
[Date "2023.07.04"]
[Round "9"]
[White "Hamidi, Amir Mohammad"]
[Black "Kamsky, Gata"]
[Result "0-1"]
[WhiteElo "2195"]
[BlackElo "2655"]
[PlyCount "108"]
[EventDate "2023.07.04"]
[EventType "swiss (blitz)"]
[EventRounds "11"]
[EventCountry "USA"]
[SourceTitle "EXT 2024"]
[Source "ChessBase"]
[SourceDate "2023.10.10"]
[SourceVersion "1"]
[SourceVersionDate "2023.10.10"]
[SourceQuality "1"]

1. d4 Nf6 2. c4 e6 3. Nc3 Bb4 4. e3 0-0 5. Nge2 d5 6. a3 Be7 7. cxd5 exd5 8. Ng3 Re8 9. Bd3 a5 10. 0-0 Nbd7 11. Bd2 c6 12. f3 Nb6 13. Nce2 c5 14. Rc1 Nc4 15. Bxc4 dxc4 16. Rxc4 Be6 17. Rc1 Qb6 18. Bc3 Nd5 19. Qd2 Nxc3 20. bxc3 cxd4 21. Nxd4 Bxa3 22. Rb1 Qc7 23. Ne4 Bc4 24. Rfe1 Bf8 25. Qb2 a4 26. Qxb7 Qxb7 27. Rxb7 Bd5 28. Rbb1 a3 29. Nd2 a2 30. Ra1 f6 31. e4 Bf7 32. Rec1 Bc5 33. Kf1 Reb8 34. Ke2 Rb2 35. Kd3 Rab8 36. g4 Rd8 37. Rc2 Rxc2 38. Kxc2 Rxd4 39. cxd4 Bxd4 40. Rd1 a1Q 41. Rxa1 Bxa1 42. Kd3 Be5 43. h3 Bf4 44. Nb1 g5 45. Nc3 Kf8 46. Ne2 Ke7 47. Kd4 Kd6 48. Nxf4 gxf4 49. h4 h6 50. Kd3 Bb3 51. Kd2 Ke5 52. Ke2 Kd4 53. Kf2 Bd1 54. g5 fxg5 0-1

[Event "Titled Tuesday intern op 04th Jul Late"]
[Site "Chess.com INT"]
[Date "2023.07.04"]
[Round "5"]
[White "Kanyamarala, Tarun"]
[Black "Hamidi, Amir Mohammad"]
[Result "0-1"]
[WhiteElo "2344"]
[BlackElo "2195"]
[PlyCount "48"]
[EventDate "2023.07.04"]
[EventType "swiss (blitz)"]
[EventRounds "11"]
[EventCountry "USA"]
[SourceTitle "EXT 2024"]
[Source "ChessBase"]
[SourceDate "2023.10.10"]
[SourceVersion "1"]
[SourceVersionDate "2023.10.10"]
[SourceQuality "1"]

1. d4 Nf6 2. c4 d6 3. Nc3 e5 4. Nf3 Nbd7 5. g3 g6 6. Bg2 exd4 7. Nxd4 Bg7 8. 0-0 0-0 9. e4 Re8 10. h3 Nc5 11. Re1 a5 12. Bf4 Nfd7 13. Ndb5 Ne5 14. Nd5 c6 15. Ndc7 cxb5 16. Nxe8 Qxe8 17. Qxd6 Ncd3 18. Red1 Nxf4 19. gxf4 Nxc4 20. Qd8 Be6 21. Qxe8+ Rxe8 22. f5 Bc8 23. a4 Nxb2 24. Rd5 bxa4 0-1

[Event "Titled Tuesday intern op 27th Jun Late"]
[Site "Chess.com INT"]
[Date "2023.06.27"]
[Round "1"]
[White "Hamidi, Amir Mohammad"]
[Black "Mazurkiewicz, Michal"]
[Result "1-0"]
[WhiteElo "2195"]
[BlackElo "2145"]
[PlyCount "81"]
[EventDate "2023.06.27"]
[EventType "swiss (blitz)"]
[EventRounds "11"]
[EventCountry "USA"]
[SourceTitle "EXT 2024"]
[Source "ChessBase"]
[SourceDate "2023.10.10"]
[SourceVersion "1"]
[SourceVersionDate "2023.10.10"]
[SourceQuality "1"]

1. d4 Nf6 2. c4 e5 3. dxe5 Ng4 4. Bf4 Nc6 5. Nf3 Bb4+ 6. Nbd2 Qe7 7. a3 Ncxe5 8. Nxe5 Nxe5 9. e3 Bc5 10. Be2 d6 11. 0-0 a5 12. Ne4 Ba7 13. Nc3 c6 14. b3 0-0 15. Qd2 Be6 16. Rfd1 Rfd8 17. Qc2 f5 18. Rd2 g5 19. Bg3 Rf8 20. Bxe5 dxe5 21. Na4 e4 22. c5 Rae8 23. Bc4 Bb8 24. Rad1 Kg7 25. Nb6 Qxc5 26. Nd7 Bxd7 27. Rxd7+ Re7 28. Qc3+ Be5 29. Rxe7+ Qxe7 30. Qxa5 f4 31. Qb4 Qxb4 32. axb4 fxe3 33. fxe3 Bc3 34. Rd7+ Kh6 35. b5 Be1 36. Bf7 Kg7 37. bxc6 bxc6 38. Bd5+ Kh6 39. Bxe4 Bf2+ 40. Kh1 Bxe3 41. Rxh7# 1-0

[Event "Titled Tuesday intern op 21st Jun Early"]
[Site "Chess.com INT"]
[Date "2022.06.21"]
[Round "5"]
[White "Hamidi, Amir Mohammad"]
[Black "Heinemann, Josefine"]
[Result "0-1"]
[WhiteElo "2217"]
[BlackElo "2303"]
[PlyCount "64"]
[EventDate "2022.06.21"]
[EventType "swiss (blitz)"]
[EventRounds "11"]
[EventCountry "USA"]
[SourceTitle "EXT 2023"]
[Source "ChessBase"]
[SourceDate "2022.10.05"]
[SourceVersion "1"]
[SourceVersionDate "2022.10.05"]
[SourceQuality "1"]

1. d4 Nf6 2. c4 e6 3. Nc3 Bb4 4. e3 0-0 5. Nge2 Re8 6. a3 Bf8 7. Ng3 d5 8. cxd5 exd5 9. Bd3 c5 10. 0-0 Nc6 11. dxc5 Bxc5 12. b4 Bd6 13. Nce2 h5 14. Bb2 h4 15. Nf5 h3 16. g3 Bf8 17. Nf4 Ne5 18. Rc1 a5 19. b5 g6 20. Nd4 a4 21. Re1 g5 22. Nh5 Bg4 23. Nxf6+ Qxf6 24. Be2 Bxe2 25. Qxe2 g4 26. Rc7 Qg6 27. Rxb7 Qe4 28. Qf1 Bc5 29. f3 Nxf3+ 30. Nxf3 gxf3 31. Bc1 d4 32. Qc4 f2+ 0-1

[Event "Titled Tuesday intern op 21st Jun Early"]
[Site "Chess.com INT"]
[Date "2022.06.21"]
[Round "1"]
[White "Kopczynski, Michal"]
[Black "Hamidi, Amir Mohammad"]
[Result "1-0"]
[WhiteElo "2225"]
[BlackElo "2217"]
[PlyCount "41"]
[EventDate "2022.06.21"]
[EventType "swiss (blitz)"]
[EventRounds "11"]
[EventCountry "USA"]
[SourceTitle "EXT 2023"]
[Source "ChessBase"]
[SourceDate "2022.10.05"]
[SourceVersion "1"]
[SourceVersionDate "2022.10.05"]
[SourceQuality "1"]

1. e4 c5 2. d4 cxd4 3. c3 dxc3 4. Nxc3 Nc6 5. f4 d6 6. Nf3 g6 7. Bc4 Bg7 8. 0-0 Nf6 9. Kh1 0-0 10. Qe1 a6 11. Qh4 b5 12. Bb3 Bb7 13. f5 b4 14. fxg6 bxc3 15. Ng5 h6 16. Nxf7 Rxf7 17. Bxf7+ Kf8 18. Bxh6 cxb2 19. Rab1 e5 20. Rxf6 Qxf6 21. Qxf6 1-0

[Event "Nakhchivan Sunday IM 04 2nd"]
[Site "Nakhchivan"]
[Date "2022.04.14"]
[Round "7"]
[White "Suleymanli, Suleyman"]
[Black "Hamidi, Amir Mohammad"]
[Result "1-0"]
[WhiteElo "2175"]
[BlackElo "2276"]
[PlyCount "83"]
[EventDate "2022.04.10"]
[EventType "tourn"]
[EventRounds "9"]
[EventCountry "AZE"]
[EventCategory "1"]
[SourceTitle "CBM 207 Extra"]
[Source "ChessBase"]
[SourceDate "2022.05.31"]
[SourceVersion "1"]
[SourceVersionDate "2022.05.31"]
[SourceQuality "1"]

1. Nf3 Nf6 2. g3 g6 3. Bg2 Bg7 4. d4 d5 5. c4 c6 6. cxd5 cxd5 7. Nc3 0-0 8. Ne5 e6 9. 0-0 Nfd7 10. Nf3 Nc6 11. Be3 b6 12. Qd2 Bb7 13. Bg5 Nf6 14. Ne5 Ne7 15. Bh6 Nf5 16. Bxg7 Kxg7 17. Rac1 Nd7 18. Qf4 g5 19. Qg4 f6 20. Nd3 Qe8 21. Nf4 a6 22. e4 Nxd4 23. exd5 Ne5 24. Nxe6+ Nxe6 25. Qxe6 Nf3+ 26. Bxf3 Qxe6 27. dxe6 Bxf3 28. Na4 Rfe8 29. Rc7+ Kg6 30. e7 Rab8 31. Re1 Kf7 32. h3 Bd5 33. Ra7 a5 34. Ra6 Bc6 35. Nc3 Rb7 36. Ne4 Rbxe7 37. Nd6+ Kf8 38. Rxe7 Rxe7 39. f4 gxf4 40. Rxb6 Bd5 41. Rb8+ Kg7 42. Nf5+ 1-0

[Event "Titled Tuesday intern op 05th Apr Early"]
[Site "Chess.com INT"]
[Date "2022.04.05"]
[Round "7"]
[White "Hamidi, Amir Mohammad"]
[Black "Bacrot, Etienne"]
[Result "0-1"]
[WhiteElo "2276"]
[BlackElo "2638"]
[PlyCount "108"]
[EventDate "2022.04.05"]
[EventType "swiss (blitz)"]
[EventRounds "11"]
[EventCountry "USA"]
[SourceTitle "CBM 207 Extra"]
[Source "ChessBase"]
[SourceDate "2022.05.31"]
[SourceVersion "1"]
[SourceVersionDate "2022.05.31"]
[SourceQuality "1"]

1. e4 c5 2. Nf3 d6 3. Bb5+ Bd7 4. Bxd7+ Nxd7 5. 0-0 g6 6. c3 Ngf6 7. Qe2 Bg7 8. d4 cxd4 9. cxd4 0-0 10. e5 Nd5 11. e6 N7b6 12. exf7+ Rxf7 13. Nc3 Qd7 14. Ng5 Rf6 15. Bd2 h6 16. Nge4 Rf7 17. Rae1 Raf8 18. Qd3 g5 19. a3 Qf5 20. a4 Nxc3 21. bxc3 Nxa4 22. Ra1 b5 23. f3 a6 24. Qe2 Rc8 25. Rfc1 Qd5 26. Kh1 Qc4 27. Qd1 Qd3 28. Nf2 Qc4 29. Ne4 Kh8 30. Rab1 Qd5 31. Be1 Rc4 32. Qb3 Nb6 33. Nd2 Rc8 34. Qa3 Ra8 35. Ne4 Nc4 36. Qa2 g4 37. Nd2 Raf8 38. Bg3 gxf3 39. Nxf3 Rxf3 40. gxf3 Rxf3 41. Kg1 Rxc3 42. Bf2 Qg5+ 43. Kh1 Rxc1+ 44. Rxc1 Qxc1+ 45. Kg2 Qg5+ 46. Kf1 Nd2+ 47. Ke2 Ne4 48. Qxa6 Nxf2 49. Kxf2 Bxd4+ 50. Kf3 Bg7 51. Qa8+ Kh7 52. Qe4+ Qg6 53. Qe2 b4 54. h4 Qh5+ 0-1

[Event "Titled Tuesday intern op 05th Apr Late"]
[Site "Chess.com INT"]
[Date "2022.04.05"]
[Round "7"]
[White "Hamidi, Amir Mohammad"]
[Black "Keymer, Vincent"]
[Result "0-1"]
[WhiteElo "2276"]
[BlackElo "2654"]
[PlyCount "28"]
[EventDate "2022.04.05"]
[EventType "swiss (blitz)"]
[EventRounds "11"]
[EventCountry "USA"]
[SourceTitle "CBM 207 Extra"]
[Source "ChessBase"]
[SourceDate "2022.05.31"]
[SourceVersion "1"]
[SourceVersionDate "2022.05.31"]
[SourceQuality "1"]

1. d4 Nf6 2. c4 e6 3. Nc3 Bb4 4. e3 c5 5. Nge2 d5 6. a3 Ba5 7. dxc5 dxc4 8. Qa4+ Nbd7 9. Qxc4 0-0 10. Ng3 b5 11. Qxb5 Bxc3+ 12. bxc3 Rb8 13. Qc4 Qa5 14. Be2 Ba6 0-1

[Event "Titled Tuesday intern op 05th Apr Early"]
[Site "Chess.com INT"]
[Date "2022.04.05"]
[Round "4"]
[White "Hamidi, Amir Mohammad"]
[Black "Khripachenko, Alexander"]
[Result "1-0"]
[WhiteElo "2276"]
[BlackElo "2225"]
[PlyCount "93"]
[EventDate "2022.04.05"]
[EventType "swiss (blitz)"]
[EventRounds "11"]
[EventCountry "USA"]
[SourceTitle "CBM 207 Extra"]
[Source "ChessBase"]
[SourceDate "2022.05.31"]
[SourceVersion "1"]
[SourceVersionDate "2022.05.31"]
[SourceQuality "1"]

1. e4 c5 2. Nf3 d6 3. Bb5+ Nd7 4. c3 Ngf6 5. Qe2 a6 6. Ba4 b5 7. Bc2 Bb7 8. d4 e6 9. 0-0 Be7 10. Re1 cxd4 11. cxd4 Rc8 12. Bd3 Qb6 13. Nbd2 0-0 14. Nf1 d5 15. e5 Ne4 16. Ng3 Bb4 17. Rd1 f5 18. exf6 Ndxf6 19. Be3 Bd6 20. Rac1 Qa5 21. a3 Rfd8 22. Nd2 Nxg3 23. hxg3 b4 24. Nb3 Qa4 25. Nc5 Bxc5 26. dxc5 bxa3 27. bxa3 Ne4 28. Qg4 Qe8 29. f3 Nf6 30. Qh4 Qf7 31. Bg5 h6 32. Bxf6 Qxf6 33. Qb4 Bc6 34. Bxa6 Rb8 35. Qa5 Qe5 36. Qe1 Qf6 37. Rb1 Ra8 38. Rb6 Bd7 39. c6 Bc8 40. Bb7 Bxb7 41. cxb7 Rab8 42. a4 Qf7 43. a5 d4 44. a6 Qc7 45. Qb4 d3 46. a7 d2 47. axb8Q 1-0

[Event "Titled Tuesday intern op 05th Apr Late"]
[Site "Chess.com INT"]
[Date "2022.04.05"]
[Round "6"]
[White "Iskusnyh, Sergei"]
[Black "Hamidi, Amir Mohammad"]
[Result "0-1"]
[WhiteElo "2443"]
[BlackElo "2276"]
[PlyCount "88"]
[EventDate "2022.04.05"]
[EventType "swiss (blitz)"]
[EventRounds "11"]
[EventCountry "USA"]
[SourceTitle "CBM 207 Extra"]
[Source "ChessBase"]
[SourceDate "2022.05.31"]
[SourceVersion "1"]
[SourceVersionDate "2022.05.31"]
[SourceQuality "1"]

1. d4 Nf6 2. c4 g6 3. g3 Bg7 4. Bg2 0-0 5. Nc3 d6 6. Nf3 Nbd7 7. 0-0 e5 8. e4 exd4 9. Nxd4 Re8 10. h3 Nc5 11. Qc2 a5 12. Ndb5 c6 13. Na3 Nfd7 14. Bf4 Ne5 15. Rad1 Qc7 16. Be3 Be6 17. b3 Bc8 18. Nab5 cxb5 19. Nxb5 Qe7 20. Nxd6 Ne6 21. f4 Nc6 22. Nxe8 Qxe8 23. e5 Bd7 24. Kh2 Nb4 25. Qd2 Bc6 26. Bb6 Bf8 27. a3 Bxg2 28. Qxg2 Nc6 29. Qb2 Ng7 30. Rd5 h5 31. h4 Nf5 32. Rfd1 Nh6 33. Kg2 Qe6 34. Bc5 Qg4 35. Bxf8 Rxf8 36. Kh2 Nf5 37. R5d3 Nxg3 38. Qg2 Qxh4+ 39. Qh3 Qxh3+ 40. Kxh3 Nf5 41. Rd7 Rb8 42. Rc7 Nd8 43. Rdd7 Ng7 44. b4 Nge6 0-1